| 000 | 00614nam a2200193 a 4500 | ||
|---|---|---|---|
| 001 | 14515 | ||
| 003 | CO-ViMGA | ||
| 008 | 141112s2004 ck r 000 u spa d | ||
| 020 | _a9588051347 | ||
| 040 |
_aCO-ViMGA _bspa _cCO-ViMGA |
||
| 082 | 0 | 4 | _a331.8809861 S586t |
| 100 | 1 |
_aSilva Romero, Marcel _921259 |
|
| 245 | 1 | 0 |
_aFlujos y reflujos : _breseña historica de la autonomia del sindicalismo colombiano |
| 260 |
_aBogotá, _cUniversidad Nacional de Colombia, _c1998 |
||
| 300 | _a468 p. | ||
| 650 | 1 | 4 |
_aDERECHO LABORAL COLECTIVO _921260 |
| 650 | 1 | 4 |
_aSINDICALISMO - COLOMBIA - HISTORIA _921261 |
| 942 |
_2ddc _cBK |
||
| 999 |
_c25128 _d25128 |
||